[Event "Valasska Bystrice Open"]
[Site "?"]
[Date "2011.09.14"]
[Round "6.12"]
[White "Alfimov, Igor"]
[Black "Simek, Jiri"]
[Result "1/2-1/2"]
[WhiteElo "1888"]
[BlackElo "2058"]
[PlyCount "73"]
[EventDate "2011.09.10"]

1. d4 d5 2. c4 e6 3. Nc3 Nf6 4. Bg5 c5 5. Nf3 cxd4 6. Nxd4 e5 7. Nf3 d4 8. Nd5
Nc6 9. a3 Be6 10. e4 dxe3 11. Nxf6+ gxf6 12. Qxd8+ Nxd8 13. Bxf6 exf2+ 14. Kxf2
Bc5+ 15. Ke1 O-O 16. b4 Bd4 17. Nxd4 exd4 18. Bxd4 Re8 19. Kf2 Nc6 20. Bf6 Bf5
21. h3 Re6 22. Bc3 Ne5 23. Rd1 Rae8 24. Rd4 Bg6 25. Kg1 Nc6 26. Rd2 Re3 27. Bb2
Ne5 28. Kh2 h5 29. c5 a6 30. Bxe5 R8xe5 31. Rd7 Be4 32. a4 Rc3 33. Rd2 Rg5 34.
Rg1 h4 35. Be2 Kf8 36. Bd1 Rc4 37. Rb2 1/2-1/2

[Event "Valasska Bystrice Open"]
[Site "?"]
[Date "2011.09.14"]
[Round "6.13"]
[White "Jasny, Stanislav"]
[Black "Hrabal, Michal"]
[Result "0-1"]
[WhiteElo "1858"]
[BlackElo "2046"]
[PlyCount "50"]
[EventDate "2011.09.10"]

1. e4 e5 2. Nf3 Nc6 3. d4 exd4 4. Nxd4 Nf6 5. Bc4 Bc5 6. Nxc6 bxc6 7. Nc3 O-O
8. O-O Re8 9. Kh1 d5 10. exd5 Ng4 11. Bf4 Nxf2+ 12. Rxf2 Bxf2 13. Qf3 Re1+ 14.
Rxe1 Bxe1 15. Nd1 Qe7 16. d6 cxd6 17. Qxc6 Bf2 18. Bd2 Bb7 19. Qb5 Qe4 20. Bf1
Bb6 21. Qd3 Qe5 22. Bc3 Qc5 23. Ne3 Qxe3 24. Qxe3 Bxe3 25. Bd3 Re8 0-1

[Event "Valasska Bystrice Open"]
[Site "?"]
[Date "2011.09.14"]
[Round "6.14"]
[White "Stanek, Stanislav"]
[Black "Vinklarek, Robert"]
[Result "0-1"]
[WhiteElo "2024"]
[BlackElo "1685"]
[PlyCount "126"]
[EventDate "2011.09.10"]

1. d4 Nf6 2. Bf4 d6 3. e3 g6 4. h3 Bg7 5. Nf3 Bf5 6. Bd3 Bxd3 7. Qxd3 a6 8.
Nbd2 Nbd7 9. O-O O-O 10. c3 c5 11. Rae1 Qa5 12. Qb1 b5 13. Nb3 Qb6 14. Rd1 c4
15. Nbd2 d5 16. e4 e6 17. e5 Ne8 18. Bg5 Nc7 19. Be7 Rfe8 20. Bd6 Bf8 21. Bxf8
Kxf8 22. b3 Qa5 23. Qc2 Nb6 24. bxc4 bxc4 25. Rb1 Nb5 26. Qb2 Na4 27. Qb4+ Qxb4
28. cxb4 c3 29. Nb3 c2 30. Rbc1 Na3 31. Rfe1 Reb8 32. Re3 Rxb4 33. Nbd2 Rb1 34.
Nb3 Rb8 35. Nfd2 Rxc1+ 36. Nxc1 Nc4 37. Rb3 Rc8 38. Nf3 Ncb2 39. Kf1 Nd1 40.
Ng1 Nac3 41. Nge2 Ne4 42. Rb6 Nexf2 43. Rxa6 Rb8 44. Nb3 Nd3 45. Rc6 Nb4 46.
Rc7 Nxa2 47. Nc5 Rb1 48. Nd7+ Kg7 49. Nf6 Ndc3+ 50. Kf2 c1=Q 51. Nxc1 Rxc1 52.
Ra7 Nb4 53. Kf3 Nc6 54. Ra8 Nxd4+ 55. Kg4 Ne4 56. Rg8+ Kh6 57. Rf8 Nxf6+ 58.
exf6 Rc7 59. Kf4 Ne2+ 60. Ke5 Kg5 61. Re8 Rc4 62. g4 Re4+ 63. Kd6 Kxf6 0-1

[Event "Valasska Bystrice Open"]
[Site "?"]
[Date "2011.09.14"]
[Round "6.15"]
[White "Micka, Jaroslav"]
[Black "Pys, Zbynek"]
[Result "1/2-1/2"]
[WhiteElo "1835"]
[BlackElo "1987"]
[PlyCount "104"]
[EventDate "2011.09.10"]

1. e4 c5 2. Nf3 d6 3. d4 cxd4 4. Nxd4 Nf6 5. Nc3 a6 6. f3 e6 7. Be3 b5 8. Qd2
Bb7 9. g4 h6 10. h4 Nbd7 11. Qf2 b4 12. Nce2 d5 13. g5 hxg5 14. hxg5 Rxh1 15.
gxf6 gxf6 16. exd5 Bxd5 17. Qg2 Rh8 18. Nf4 Ne5 19. Nxd5 Qxd5 20. f4 Nc4 21.
Qxd5 exd5 22. Bf2 Bh6 23. b3 Nd6 24. Be3 Rg8 25. a3 Nb5 26. Nxb5 axb5 27. Bxb5+
Kd8 28. O-O-O Kc7 29. Rxd5 Rgd8 30. Rc5+ Kb8 31. a4 Ra7 32. Rc4 Re7 33. Bd2 Re2
34. Bxb4 Rf2 35. Be7 Rd5 36. Bxf6 Bxf4+ 37. Kb2 Be5+ 38. Bxe5+ Rxe5 39. Rh4 Rg5
40. Bd3 f5 41. Kc3 Rg7 42. Rh1 Re7 43. Rf1 Rxf1 44. Bxf1 f4 45. Kd2 f3 46. a5
Kc7 47. b4 Kc6 48. b5+ Kc5 49. b6 Kc6 50. c4 Re5 51. c5 Kxc5 52. b7 Re8 1/2-1/2

[Event "Valasska Bystrice Open"]
[Site "?"]
[Date "2011.09.14"]
[Round "6.16"]
[White "Belunek, Zdenek"]
[Black "Vaculik, Jakub"]
[Result "1/2-1/2"]
[WhiteElo "1976"]
[BlackElo "1783"]
[PlyCount "94"]
[EventDate "2011.09.10"]

1. e4 e6 2. d4 d5 3. exd5 exd5 4. Bd3 c5 5. Nf3 Nf6 6. O-O Be7 7. dxc5 O-O 8.
Nc3 Bxc5 9. Bg5 Be6 10. Qd2 Nbd7 11. Ne2 Qb6 12. Ng3 Rac8 13. c3 Rfe8 14. h3
Bd6 15. Be3 Qc7 16. Nf5 Bxf5 17. Bxf5 Rcd8 18. Rad1 Nc5 19. Qc2 Bf4 20. Bd4
Nfe4 21. Rfe1 g6 22. Bxe4 dxe4 23. Nd2 f5 24. f3 Bxd2 25. Rxd2 exf3 26. Rxe8+
Rxe8 27. Qd1 fxg2 28. Kxg2 Ne4 29. Rd3 b6 30. h4 Qc6 31. Kh3 Qc4 32. Bg1 Qe6
33. Rd7 f4+ 34. Kg2 Qc6 35. Kh2 Ng3 36. Qb3+ Qe6 37. Qxe6+ Rxe6 38. Rxa7 Re2+
39. Kh3 Rxb2 40. Bd4 Nf5 41. Kg4 Nxd4 42. cxd4 Rd2 43. Ra4 b5 44. Rb4 Rxa2 45.
Kxf4 Ra4 46. Rxb5 Rxd4+ 47. Kg5 Ra4 1/2-1/2

[Event "Valasska Bystrice Open"]
[Site "?"]
[Date "2011.09.14"]
[Round "6.18"]
[White "Sabolova, Kristyna"]
[Black "Malcanek, Jan"]
[Result "1-0"]
[WhiteElo "1734"]
[BlackElo "1943"]
[PlyCount "117"]
[EventDate "2011.09.10"]

1. d4 Nf6 2. c4 e6 3. Nf3 b6 4. e3 Bb7 5. Bd3 d6 6. O-O Nbd7 7. Nc3 c5 8. b3
Be7 9. Bb2 O-O 10. Qe2 a6 11. e4 cxd4 12. Nxd4 Rc8 13. Rad1 Qc7 14. Bb1 Rfe8
15. Kh1 Qb8 16. f4 Bf8 17. Nf3 h5 18. Qc2 e5 19. f5 b5 20. Nd2 b4 21. Nd5 Bxd5
22. exd5 Nxd5 23. Qd3 N5f6 24. Ne4 Nxe4 25. Qxe4 Nf6 26. Qh4 Be7 27. Rf3 Qb6
28. Qg3 Kh7 29. Qh3 Rh8 30. g4 Kg8 31. gxh5 Rxh5 32. Qg2 Qc6 33. Rg1 Rh7 34. h3
Bd8 35. Kh2 Bb6 36. Rgf1 Kf8 37. Qd2 Bc5 38. Bc1 Ke7 39. Qe2 Rch8 40. Bg5 Rh5
41. Bxf6+ Kxf6 42. Be4 Qb6 43. Rg3 a5 44. Qg2 Be3 45. Kh1 Rh4 46. Rd1 Ke7 47.
Rd3 Bh6 48. Rd1 Bf4 49. Rgd3 R8h5 50. Rf3 Qa7 51. Rdf1 Qd4 52. Rd3 Qa7 53. Rdf3
Rg5 54. Qe2 Rgh5 55. Qd3 Bh6 56. Rd1 Qc5 57. Rg3 Rf4 58. Rf3 Rhh4 59. Re1 1-0

[Event "Valasska Bystrice Open"]
[Site "?"]
[Date "2011.09.14"]
[Round "6.19"]
[White "Drabek, Miloslav"]
[Black "Luzikova, Nicola"]
[Result "1-0"]
[WhiteElo "2005"]
[BlackElo "1781"]
[PlyCount "41"]
[EventDate "2011.09.10"]

1. d4 d5 2. Nf3 Nf6 3. c4 c6 4. Nbd2 e6 5. g3 c5 6. e3 Nc6 7. a3 Be7 8. Be2 O-O
9. O-O Qc7 10. dxc5 Bxc5 11. b4 Be7 12. Bb2 a6 13. Rc1 Qd8 14. Qb3 dxc4 15.
Bxc4 b5 16. Be2 Bb7 17. Rfd1 Bd6 18. Bxf6 gxf6 19. Ne4 Ne5 20. Rxd6 Nxf3+ 21.
Bxf3 1-0

[Event "Valasska Bystrice Open"]
[Site "?"]
[Date "2011.09.14"]
[Round "6.20"]
[White "Olsar, Zdenek"]
[Black "Konvicka, Martin"]
[Result "0-1"]
[WhiteElo "1985"]
[BlackElo "1772"]
[PlyCount "64"]
[EventDate "2011.09.10"]

1. e4 c5 2. Nf3 d6 3. d4 cxd4 4. Nxd4 Nf6 5. Nc3 a6 6. Bg5 e6 7. f4 Be7 8. Qf3
Qc7 9. O-O-O Nbd7 10. g4 b5 11. Bxf6 Nxf6 12. g5 Nd7 13. f5 Nc5 14. f6 gxf6 15.
gxf6 Bf8 16. Rg1 h5 17. Kb1 b4 18. Nd5 exd5 19. exd5 Bg4 20. Re1+ Kd8 21. Qg3
Kc8 22. Qh4 Rh6 23. h3 Bd7 24. Rg7 Bxg7 25. fxg7 Rg6 26. Qe7 Kb7 27. Qxf7 Be8
28. Qf8 Rxg7 29. Rxe8 Rf7 30. Bxa6+ Nxa6 31. Rxa8 Rxf8 32. Rxf8 Qg7 0-1

[Event "Valasska Bystrice Open"]
[Site "?"]
[Date "2011.09.14"]
[Round "6.21"]
[White "Koller, Martin"]
[Black "Tejkal, Jiri"]
[Result "1-0"]
[WhiteElo "1758"]
[BlackElo "1978"]
[PlyCount "81"]
[EventDate "2011.09.10"]

1. d4 d5 2. c4 c6 3. Nf3 Nf6 4. Nc3 a6 5. a4 e6 6. g3 a5 7. Bg2 Be7 8. O-O O-O
9. Qb3 Nbd7 10. c5 b6 11. cxb6 Rb8 12. b7 Bxb7 13. Bf4 e5 14. Nxe5 Ba6 15. Qc2
Rb6 16. Rfd1 Nh5 17. Be3 Bd6 18. Qf5 Nhf6 19. Bh3 Nb8 20. Qc2 Re8 21. Rac1 Rb7
22. Bg2 Nfd7 23. Ng4 Bc4 24. Qf5 Qe7 25. Rb1 Bb3 26. Re1 Na6 27. Bg5 f6 28.
Nxd5 Qf7 29. Ndxf6+ Nxf6 30. Bxf6 Be6 31. Qg5 Bxg4 32. Qxg4 Qxf6 33. Bxc6 Rbb8
34. Bxe8 Rxe8 35. e3 Rf8 36. Rf1 Nb4 37. Rbc1 Nd3 38. Rc8 Bb4 39. Rxf8+ Qxf8
40. Qe2 Qf5 41. e4 1-0

[Event "Valasska Bystrice Open"]
[Site "?"]
[Date "2011.09.14"]
[Round "6.22"]
[White "Doskar, Miloslav"]
[Black "Kozojed, Vlastislav"]
[Result "0-1"]
[WhiteElo "1757"]
[BlackElo "1966"]
[PlyCount "112"]
[EventDate "2011.09.10"]

1. d4 Nf6 2. c4 g6 3. Nc3 Bg7 4. Nf3 O-O 5. e4 d6 6. Be2 Re8 7. O-O c6 8. Qc2
e5 9. d5 c5 10. Ne1 Nbd7 11. f3 Nh5 12. Nd3 Rf8 13. Be3 f5 14. f4 exf4 15. Bxf4
Nxf4 16. Nxf4 Ne5 17. exf5 Bxf5 18. Qb3 Qe7 19. Rae1 b6 20. Bd1 Bh6 21. Nce2
Rae8 22. Kh1 g5 23. Qg3 Kh8 24. Ne6 Bxe6 25. dxe6 Qxe6 26. b3 Qg6 27. Nc3 Bg7
28. Nd5 Nc6 29. Nc7 Rxe1 30. Qxe1 Nd4 31. Rxf8+ Bxf8 32. Qf1 Bg7 33. Bg4 h5 34.
Bc8 Be5 35. Nd5 Kg7 36. Ne7 Qc2 37. Nf5+ Nxf5 38. Bxf5 Qxa2 39. Bb1 Qxb3 40. g3
g4 41. Qf5 Qf3+ 42. Qxf3 gxf3 43. Kg1 Bd4+ 44. Kf1 Kf6 45. Be4 f2 46. Bf3 Kg5
47. h4+ Kg6 48. Bd1 a6 49. Be2 Kf5 50. Bxh5 b5 51. cxb5 axb5 52. Be2 c4 53. g4+
Kf4 54. g5 d5 55. g6 Ke3 56. h5 Bg7 0-1

[Event "Valasska Bystrice Open"]
[Site "?"]
[Date "2011.09.14"]
[Round "6.23"]
[White "Rucka, Petr"]
[Black "Parak, Frantisek"]
[Result "1-0"]
[WhiteElo "1942"]
[BlackElo "1758"]
[PlyCount "65"]
[EventDate "2011.09.10"]

1. e4 c5 2. Nf3 d6 3. g3 Nf6 4. Nc3 Nc6 5. Bg2 e6 6. O-O a6 7. d3 g6 8. h3 Bg7
9. Be3 O-O 10. Qd2 Bd7 11. Nh2 Rc8 12. f4 Ne8 13. Qf2 Nd4 14. Nd1 Bc6 15. c3
Nb5 16. g4 f5 17. Qg3 fxe4 18. dxe4 Nf6 19. Nf2 Qe7 20. Rad1 Nd7 21. Nf3 Rce8
22. Nh4 Bf6 23. g5 Bg7 24. Ng4 Rf7 25. f5 exf5 26. exf5 gxf5 27. Nxf5 Qe6 28.
Nfh6+ Bxh6 29. Nxh6+ Kg7 30. Rxf7+ Kg6 31. Bxc6 bxc6 32. Bf2 Qe2 33. Re1 1-0

[Event "Valasska Bystrice Open"]
[Site "?"]
[Date "2011.09.14"]
[Round "6.25"]
[White "Ambros, Zdenek"]
[Black "Oktavec, Ivan"]
[Result "1/2-1/2"]
[WhiteElo "1888"]
[BlackElo "1713"]
[PlyCount "48"]
[EventDate "2011.09.10"]

1. e4 e6 2. d4 d5 3. Nc3 dxe4 4. Nxe4 Nd7 5. Nf3 Ngf6 6. Nxf6+ Nxf6 7. Bd3 h6
8. O-O Bd6 9. Re1 O-O 10. c4 c5 11. Bc2 b6 12. Be3 Bb7 13. dxc5 bxc5 14. Qe2
Qc7 15. h3 Rad8 16. Rad1 Be7 17. Rd2 Ba6 18. Red1 Nd5 19. Bd3 Nxe3 20. Qxe3 Bb7
21. Be4 Bxe4 22. Qxe4 Rxd2 23. Rxd2 Rd8 24. Qe2 Rxd2 1/2-1/2

[Event "Valasska Bystrice Open"]
[Site "?"]
[Date "2011.09.14"]
[Round "6.30"]
[White "Romanek, Zdenek"]
[Black "Fiala, Jan"]
[Result "0-1"]
[WhiteElo "1722"]
[BlackElo "1932"]
[PlyCount "108"]
[EventDate "2011.09.10"]

1. d4 f5 2. c4 g6 3. Nc3 Bg7 4. Nf3 d6 5. e4 fxe4 6. Nxe4 Nf6 7. Nc3 O-O 8. g3
Ng4 9. Bg2 e5 10. d5 Na6 11. Ne4 Rb8 12. O-O Nf6 13. Bg5 Qe8 14. Nfd2 b5 15. b3
Nxe4 16. Nxe4 bxc4 17. bxc4 Rb4 18. Qe2 Qa4 19. Rfc1 Bf5 20. Nc3 Qd7 21. Be3
Bg4 22. f3 Bh3 23. Bh1 h5 24. Ne4 Rf7 25. Rab1 c5 26. dxc6 Qxc6 27. Rxb4 Nxb4
28. Ng5 Bf5 29. Nxf7 Kxf7 30. c5 d5 31. g4 Be6 32. gxh5 gxh5 33. a3 Na6 34. f4
Bg4 35. Qa2 Nc7 36. fxe5 Bxe5 37. Rf1+ Kg7 38. Qf2 Qe8 39. Bd4 Kg6 40. Re1 Bxd4
41. Rxe8 Bxf2+ 42. Kxf2 Nxe8 43. Bxd5 Nc7 44. Bb7 Kf6 45. Ke3 Ke5 46. Kf2 Kd4
47. c6 h4 48. Kg2 Ke3 49. h3 Bf5 50. a4 a5 51. Kg1 Bxh3 52. Kh2 Bf5 53. Kg1 h3
54. Kh1 Kf3 0-1

[Event "Valasska Bystrice Open"]
[Site "?"]
[Date "2011.09.14"]
[Round "6.31"]
[White "Bartosek, Ivan"]
[Black "Horak, Karel"]
[Result "1-0"]
[WhiteElo "1928"]
[BlackElo "1828"]
[PlyCount "49"]
[EventDate "2011.09.10"]

1. e4 c5 2. c3 b6 3. d4 Bb7 4. d5 Nf6 5. Bd3 d6 6. f4 Nbd7 7. c4 e5 8. Nf3 Be7
9. O-O O-O 10. Nc3 Re8 11. fxe5 Nxe5 12. Nxe5 dxe5 13. Ne2 Rf8 14. Ng3 Bc8 15.
Nf5 Ne8 16. Qg4 Bf6 17. Bd2 Kh8 18. Qg3 g6 19. Nh6 Nd6 20. Ng4 Bxg4 21. Qxg4
Bg7 22. Bg5 Qe8 23. Bf6 Rb8 24. Qh4 Rb7 25. Bxg7+ 1-0

[Event "Valasska Bystrice Open"]
[Site "?"]
[Date "2011.09.14"]
[Round "6.32"]
[White "Perik, Alois"]
[Black "Korinek, Jaroslav"]
[Result "1/2-1/2"]
[WhiteElo "1861"]
[BlackElo "1792"]
[PlyCount "48"]
[EventDate "2011.09.10"]

1. c4 Nf6 2. Nc3 c6 3. e4 e5 4. Nf3 d6 5. h3 Be7 6. Be2 Na6 7. O-O Nc5 8. d3
Qc7 9. Be3 Ne6 10. d4 O-O 11. Rc1 Rd8 12. Bd3 Bd7 13. Nd5 Nxd5 14. cxd5 Nf8 15.
dxc6 bxc6 16. dxe5 dxe5 17. Qc2 Ne6 18. Qc3 Bf6 19. Rc2 Be8 20. Be2 Nd4 21. Rd2
Nxe2+ 22. Rxe2 Rd7 23. Rc1 Rad8 24. Kh2 Rd3 1/2-1/2

[Event "Valasska Bystrice Open"]
[Site "?"]
[Date "2011.09.14"]
[Round "6.34"]
[White "Sramek, Josef"]
[Black "Kolibik, Jan"]
[Result "1-0"]
[WhiteElo "2142"]
[BlackElo "1684"]
[PlyCount "45"]
[EventDate "2011.09.10"]

1. e4 c5 2. Nf3 d6 3. d4 cxd4 4. Nxd4 Nf6 5. Nc3 Nc6 6. Bg5 e6 7. Qd2 Bd7 8.
O-O-O a6 9. f4 b5 10. Nxc6 Bxc6 11. Bd3 Qc7 12. Rhe1 h6 13. Bxf6 gxf6 14. Nd5
Bxd5 15. exd5 Kd7 16. dxe6+ fxe6 17. Qe2 Re8 18. Kb1 h5 19. a4 bxa4 20. Bxa6
Re7 21. Bb5+ Kd8 22. Bxa4 e5 23. Rxd6+ 1-0

[Event "Valasska Bystrice Open"]
[Site "?"]
[Date "2011.09.14"]
[Round "6.35"]
[White "Glacner, Karel"]
[Black "Veselsky, Frantisek"]
[Result "0-1"]
[WhiteElo "1669"]
[BlackElo "1979"]
[PlyCount "84"]
[EventDate "2011.09.10"]

1. d4 Nf6 2. Bg5 Ne4 3. Bf4 g5 4. Be5 f6 5. e3 d5 6. Qh5+ Kd7 7. Nf3 Nc6 8.
Qg4+ e6 9. Bg3 h5 10. Qh3 g4 11. Qh4 Be7 12. Nbd2 f5 13. Nxe4 dxe4 14. Bxc7
Qxc7 15. Ne5+ Nxe5 16. Qg3 Ng6 17. Bb5+ Kd8 18. Qxc7+ Kxc7 19. g3 Bd7 20. Bxd7
Kxd7 21. c4 a5 22. Ke2 h4 23. Rhd1 Rhd8 24. Rac1 Rac8 25. a3 Ke8 26. c5 h3 27.
Rc3 Nh8 28. Rb3 Rd7 29. Rb5 Bd8 30. Rc1 Nf7 31. Kf1 Ng5 32. Kg1 Nf3+ 33. Kh1
Ke7 34. a4 Kf6 35. Rd1 Rc6 36. b3 b6 37. b4 axb4 38. a5 Rxc5 39. Rxb6 Bxb6 40.
axb6 Rc2 41. b7 Rxf2 42. b8=Q Rxh2# 0-1

[Event "Valasska Bystrice Open"]
[Site "?"]
[Date "2011.09.14"]
[Round "6.36"]
[White "Vanhara, Petr"]
[Black "Kovarik, Matyas"]
[Result "1-0"]
[WhiteElo "1849"]
[BlackElo "1553"]
[PlyCount "27"]
[EventDate "2011.09.10"]

1. e4 e6 2. d4 d5 3. Nc3 dxe4 4. Nxe4 Nd7 5. Nf3 Ngf6 6. Bg5 Be7 7. Nxf6+ Nxf6
8. Bd3 O-O 9. Qd2 h6 10. Bxh6 gxh6 11. Qxh6 Re8 12. Ng5 Bb4+ 13. c3 Qxd4 14.
Bh7+ 1-0

[Event "Valasska Bystrice Open"]
[Site "?"]
[Date "2011.09.14"]
[Round "6.38"]
[White "Mlady, Pavel"]
[Black "Matas, Stanislav"]
[Result "1-0"]
[WhiteElo "1429"]
[BlackElo "1764"]
[PlyCount "63"]
[EventDate "2011.09.10"]

1. e4 c5 2. Nc3 g6 3. g3 Bg7 4. Bg2 Nc6 5. d3 d6 6. f4 e6 7. Nf3 Nge7 8. Be3
O-O 9. Rb1 Qa5 10. O-O Bxc3 11. bxc3 Qxc3 12. Bd2 Qg7 13. Nh4 a6 14. f5 exf5
15. exf5 Nxf5 16. Nxf5 Bxf5 17. Rxb7 Rac8 18. Rb6 Qd4+ 19. Kh1 Qa4 20. Qc1 Nd4
21. Bh6 Rfd8 22. Rb2 c4 23. Qg5 Qa5 24. g4 Rc5 25. Qf6 Ne6 26. gxf5 Rxf5 27.
Rxf5 gxf5 28. Rb1 cxd3 29. cxd3 Rc8 30. Qb2 Qc7 31. Bb7 f6 32. Bxc8 1-0

[Event "Valasska Bystrice Open"]
[Site "?"]
[Date "2011.09.14"]
[Round "6.40"]
[White "Klima, Martin"]
[Black "Vranova, Jarmila"]
[Result "0-1"]
[WhiteElo "1655"]
[BlackElo "1717"]
[PlyCount "46"]
[EventDate "2011.09.10"]

1. c4 f5 2. d4 g6 3. Nf3 Nf6 4. Nc3 Bg7 5. g3 c6 6. Bg2 Na6 7. O-O O-O 8. Rb1
d6 9. b4 Nc7 10. a4 a6 11. Re1 d5 12. c5 Ne4 13. Qc2 Ne6 14. e3 a5 15. b5 N6xc5
16. Nxe4 Nxe4 17. bxc6 bxc6 18. Qxc6 Ra6 19. Qc2 Bd7 20. Qb3 Bc6 21. Ba3 Qd7
22. Ne5 Bxe5 23. dxe5 Nd2 0-1

[Event "Valasska Bystrice Open"]
[Site "?"]
[Date "2011.09.14"]
[Round "6.41"]
[White "Bambusek, Vladislav"]
[Black "Capil, Dalibor"]
[Result "1-0"]
[WhiteElo "1713"]
[BlackElo "1461"]
[PlyCount "102"]
[EventDate "2011.09.10"]

1. e4 c5 2. Nf3 d6 3. d4 cxd4 4. Nxd4 Nf6 5. Nc3 Nc6 6. Bc4 g6 7. O-O Bg7 8.
Bb3 O-O 9. h3 Nxe4 10. Nxc6 Nxc3 11. Nxd8 Nxd1 12. Rxd1 Rxd8 13. c3 Bf6 14. Be3
Bd7 15. Rd2 b6 16. Rad1 Rac8 17. f4 Bf5 18. Kf2 Be4 19. g4 Kf8 20. g5 Bg7 21.
h4 Rc7 22. Kg3 b5 23. Bd5 Bf5 24. a3 e6 25. Bg2 d5 26. Bf1 Rb8 27. Be2 a6 28.
Kf2 h5 29. Bd4 Bxd4+ 30. Rxd4 Ke7 31. Rb4 Rc5 32. Rd2 Rcc8 33. Ke3 Kd6 34. Kd4
Be4 35. a4 Rc5 36. axb5 axb5 37. c4 Rc6 38. cxb5 Rcb6 39. Ke3 Bb1 40. b3 Bf5
41. Kd4 Ra8 42. Ra4 Rab8 43. Ra7 R8b7 44. Rda2 Bc2 45. Rxb7 Rxb7 46. Rxc2 Rb6
47. b4 Rb7 48. Ra2 Re7 49. Ra6+ Kc7 50. Ra7+ Kd6 51. Rxe7 Kxe7 1-0

[Event "Valasska Bystrice Open"]
[Site "?"]
[Date "2011.09.14"]
[Round "6.42"]
[White "Kamarad, Frantisek"]
[Black "Ruzicka, Vaclav"]
[Result "0-1"]
[WhiteElo "1577"]
[BlackElo "1743"]
[PlyCount "58"]
[EventDate "2011.09.10"]

1. e4 e5 2. f4 exf4 3. Nf3 g5 4. Bc4 d6 5. O-O h5 6. d3 Bg7 7. h4 f6 8. Nd4 Bg4
9. Qe1 Nh6 10. Qb4 Nc6 11. Qa4 Bd7 12. Bb5 Nxd4 13. Bxd7+ Qxd7 14. Qxd4 Ng4 15.
hxg5 fxg5 16. Qd5 O-O-O 17. Qxg5 Bd4+ 18. Kh1 Nf2+ 19. Kh2 Rdf8 20. c3 Rhg8 21.
Qh4 Rg4 22. Qxh5 Rh8 23. Qxh8+ Bxh8 24. Rxf2 Qh7+ 25. Kg1 Rh4 26. Rf1 Rh1+ 27.
Kf2 Qh4+ 28. Ke2 Qg4+ 29. Kf2 Rxf1+ 0-1

[Event "Valasska Bystrice Open"]
[Site "?"]
[Date "2011.09.14"]
[Round "6.2"]
[White "Cagasik, Tomas"]
[Black "Cizinsky, Petr"]
[Result "1-0"]
[WhiteElo "2296"]
[BlackElo "2178"]
[PlyCount "89"]
[EventDate "2011.09.10"]

1. c4 Nf6 2. Nc3 g6 3. g3 d5 4. cxd5 Nxd5 5. Bg2 Nb6 6. Nf3 Bg7 7. O-O O-O 8.
d3 Nc6 9. Be3 e5 10. Qc1 Re8 11. Bg5 f6 12. Bh6 Bh8 13. Ne4 Nd4 14. Nxd4 exd4
15. Nc5 c6 16. Bf3 Qe7 17. h4 Qf7 18. Ne4 Qe7 19. Bf4 Be6 20. Bd6 Qd7 21. Ba3
Bd5 22. Re1 Rad8 23. Bc5 f5 24. Nd2 Bf6 25. a4 Bxf3 26. Nxf3 Qd5 27. a5 Nd7 28.
Bxa7 Ra8 29. Bb6 Nxb6 30. axb6 Rxa1 31. Qxa1 f4 32. Qc1 fxg3 33. fxg3 Kg7 34.
Qf4 Qa5 35. Rf1 Qxb6 36. Ne5 Qd8 37. Ng4 Rf8 38. h5 g5 39. h6+ Kh8 40. Qf5 Qd6
41. Nxf6 Qxg3+ 42. Kh1 Qh4+ 43. Kg2 Qxh6 44. Qe5 Qg7 45. Nh5 1-0

[Event "Valasska Bystrice Open"]
[Site "?"]
[Date "2011.09.14"]
[Round "6.3"]
[White "Vorobyov, Yrij"]
[Black "Vrana, Frantisek"]
[Result "1/2-1/2"]
[WhiteElo "2155"]
[BlackElo "2249"]
[PlyCount "25"]
[EventDate "2011.09.10"]

1. Nf3 f5 2. c4 Nf6 3. Nc3 g6 4. d4 Bg7 5. e3 O-O 6. Be2 d6 7. O-O Qe8 8. b4 a5
9. b5 e5 10. dxe5 dxe5 11. Ba3 Rf7 12. Ng5 Rd7 13. Qb3 1/2-1/2

[Event "Valasska Bystrice Open"]
[Site "?"]
[Date "2011.09.15"]
[Round "7.1"]
[White "Obsivac, Josef"]
[Black "Cagasik, Tomas"]
[Result "0-1"]
[WhiteElo "2274"]
[BlackElo "2296"]
[PlyCount "94"]
[EventDate "2011.09.10"]

1. d4 d5 2. Nf3 Bf5 3. c4 e6 4. Qb3 Nc6 5. a3 Rb8 6. cxd5 Qxd5 7. Qxd5 exd5 8.
Bf4 Bd6 9. Bxd6 cxd6 10. e3 Rc8 11. Nc3 Nf6 12. Bb5 a6 13. Ba4 b5 14. Bb3 Na5
15. Nd2 Nc4 16. Bxc4 bxc4 17. f3 Bd3 18. g4 h6 19. h4 Ke7 20. O-O-O Ke6 21.
Rde1 Rb8 22. Rh2 Rb7 23. Nf1 Rhb8 24. g5 Nh7 25. gxh6 gxh6 26. e4 dxe4 27. fxe4
Rb3 28. Rf2 Nf6 29. d5+ Ke7 30. Nd1 Ng4 31. Rg2 Ne5 32. Ng3 c3 33. Nf5+ Kd7 34.
Nxc3 Rxc3+ 35. bxc3 Nf3 36. Rb2 Rxb2 37. Kxb2 Nxe1 38. Nxh6 Bxe4 39. Nxf7 Bxd5
40. Ng5 Nf3 41. Nh3 Nxh4 42. Nf2 Nf5 43. Nd3 Ne3 44. Nf4 Bc4 45. Nh3 Kc6 46.
Nf4 Bf7 47. Ne2 Kb5 0-1

[Event "Valasska Bystrice Open"]
[Site "?"]
[Date "2011.09.15"]
[Round "7.2"]
[White "Vrana, Frantisek"]
[Black "Karlik, Vladimir"]
[Result "1/2-1/2"]
[WhiteElo "2249"]
[BlackElo "2286"]
[PlyCount "21"]
[EventDate "2011.09.10"]

1. d4 g6 2. Nf3 Bg7 3. e4 c6 4. Nc3 d6 5. a4 Nf6 6. h3 O-O 7. g3 d5 8. exd5
cxd5 9. Bg2 Nc6 10. O-O Ne4 11. Nxe4 1/2-1/2

[Event "Valasska Bystrice Open"]
[Site "?"]
[Date "2011.09.15"]
[Round "7.3"]
[White "Juricek, Stanislav"]
[Black "Balacek, Tadeas"]
[Result "1/2-1/2"]
[WhiteElo "2131"]
[BlackElo "2245"]
[PlyCount "35"]
[EventDate "2011.09.10"]

1. e4 e6 2. d4 d5 3. Nc3 Nf6 4. Bg5 Be7 5. e5 Nfd7 6. Bxe7 Qxe7 7. f4 O-O 8.
Nf3 c5 9. Qd2 Nc6 10. dxc5 Nxc5 11. Bd3 f6 12. exf6 Qxf6 13. g3 Bd7 14. O-O-O
Be8 15. Rhe1 Bh5 16. Be2 Bxf3 17. Bxf3 Rfd8 18. Kb1 1/2-1/2

[Event "Valasska Bystrice Open"]
[Site "?"]
[Date "2011.09.15"]
[Round "7.4"]
[White "Moravec, Vit"]
[Black "Volodin, Viktor"]
[Result "1/2-1/2"]
[WhiteElo "2144"]
[BlackElo "2210"]
[PlyCount "34"]
[EventDate "2011.09.10"]

1. e4 c5 2. Nf3 Nc6 3. d4 cxd4 4. Nxd4 Nf6 5. Nc3 e5 6. Ndb5 d6 7. Nd5 Nxd5 8.
exd5 Nb8 9. c4 a6 10. Nc3 Be7 11. Be2 O-O 12. O-O Nd7 13. Kh1 f5 14. f3 Bg5 15.
b4 Bxc1 16. Rxc1 b6 17. Na4 Rf6 1/2-1/2

[Event "Valasska Bystrice Open"]
[Site "?"]
[Date "2011.09.15"]
[Round "7.5"]
[White "Michalcak, Lubomir"]
[Black "Vorobyov, Yrij"]
[Result "0-1"]
[WhiteElo "2100"]
[BlackElo "2155"]
[PlyCount "78"]
[EventDate "2011.09.10"]

1. d4 Nf6 2. c4 c5 3. d5 b5 4. cxb5 a6 5. bxa6 Bxa6 6. Nc3 g6 7. Nf3 d6 8. e4
Bxf1 9. Kxf1 Bg7 10. h3 O-O 11. Kg1 Nbd7 12. Kh2 Nb6 13. Re1 Nfd7 14. Re2 Nc4
15. Rc2 Qa5 16. Nd2 Nde5 17. Qe2 Nxd2 18. Bxd2 Qa6 19. Bg5 Qxe2 20. Nxe2 Ra7
21. Nc1 f5 22. exf5 Rxf5 23. Be3 Nd7 24. Nd3 Rb7 25. Nf4 Be5 26. g3 Bxf4 27.
Bxf4 Rxd5 28. Re1 Kf7 29. Rce2 e5 30. Bc1 c4 31. f4 Ra5 32. Rf1 Ke6 33. a3 Rab5
34. g4 Nc5 35. f5+ gxf5 36. gxf5+ Kd5 37. f6 Rf7 38. Rg2 Ke6 39. Rg4 d5 0-1

[Event "Valasska Bystrice Open"]
[Site "?"]
[Date "2011.09.15"]
[Round "7.6"]
[White "Papan, Cyril"]
[Black "Maly, Marek"]
[Result "0-1"]
[WhiteElo "2086"]
[BlackElo "1996"]
[PlyCount "62"]
[EventDate "2011.09.10"]

1. d4 d5 2. c4 e6 3. Nc3 Nf6 4. Bg5 Be7 5. Nf3 O-O 6. e3 h6 7. Bh4 c5 8. dxc5
dxc4 9. Bxc4 Bxc5 10. O-O a6 11. Qe2 b5 12. Rfd1 Qb6 13. Bd3 Bb7 14. a4 b4 15.
a5 Qc7 16. Na4 Qxa5 17. Rdc1 Be7 18. Nc5 Qb6 19. Nxb7 Qxb7 20. Bg3 Rc8 21. Nd4
a5 22. Bc4 Nbd7 23. Bb5 Nc5 24. f3 Ne8 25. Bxe8 Rxe8 26. Qd1 Red8 27. Rc4 e5
28. Bxe5 Qd5 29. Qc1 Nd3 30. Nc6 Bf8 31. e4 Qb5 0-1